000 00479nam a2200169Ia 4500
999 _c13327
_d13327
003 OSt
005 20201015121931.0
008 190216s9999||||xx |||||||||||||| ||und||
040 _coclc
082 _a823.914
_bCOL/S
100 _aCollins, Jackie
_95185
245 0 _aSinners /
_cJackie Collins
260 _bPocket Books Publishers,
_c1984.
_aNew york:
300 _a342p
650 _aEnglish Novel
942 _cBK
_2ddc
_h823.914
_iCOL/S
_k823.914
_mCOL/S